European Countries by First 3 Letters - Statistics

General Stats
  • This quiz has been taken 150 times
  • The average score is 31 of 45
Answers on the Map
Answers color-coded by a green-red scale on the quiz's map according to % correct below.
 
Answer Stats
Country % Correct
Germany
92%
United Kingdom
92%
Ireland
91%
Belarus
90%
Belgium
90%
France
90%
Iceland
88%
North Macedonia
88%
Spain
88%
Sweden
88%
Norway
86%
Russia
86%
Finland
85%
Italy
83%
Portugal
83%
Latvia
81%
Lithuania
80%
Poland
80%
Estonia
77%
Ukraine
77%
Netherlands
74%
Denmark
72%
Switzerland
70%
Monaco
69%
Montenegro
69%
Luxembourg
67%
Andorra
65%
Romania
63%
Greece
62%
Czechia
60%
San Marino
60%
Austria
58%
Moldova
58%
Serbia
56%
Vatican City
55%
Slovakia
53%
Slovenia
53%
Hungary
52%
Liechtenstein
51%
Bosnia and Herzegovina
45%
Bulgaria
44%
Croatia
44%
Kosovo
43%
Albania
36%
Malta
34%
No matching quizzes found
Score Distribution
Percent of People with Each Score
Percentile by Number Answered
Your Score History
You have not taken this quiz